[Event "Miedzywojewodzkie Mistrzostwa Juniorow O"]
[Site "Pokrzywna"]
[Date "2025.??.??"]
[Round "3.6"]
[White "Ekiert, Szymon"]
[Black "Podolecki, Wojciech"]
[Result "1-0"]
[WhiteElo "1478"]
[BlackElo "1603"]
[PlyCount "105"]
[EventDate "2025.??.??"]

{[%evp 0,105,16,28,46,51,106,88,72,25,31,26,95,40,57,51,47,38,42,12,84,76,76,
64,62,68,68,57,63,66,68,49,291,291,291,291,299,303,307,280,308,315,308,298,298,
290,304,243,339,342,366,272,324,302,302,284,367,368,441,394,428,353,356,348,
366,275,273,269,392,392,392,392,392,398,398,390,636,667,731,731,731,731,747,
745,863,890,847,871,925,934,1163,1318,29985,29986,29987,29988,29991,29992,
29993,29994,29995,29994,29995,29996,29997,29998,29999,-30000]} 1. e4 c5 2. Nf3
d6 3. d4 cxd4 4. Nxd4 Nf6 5. Nc3 g6 6. Be3 Bg7 7. f3 O-O 8. Qd2 Nc6 9. g4 d5
10. g5 Nh5 11. exd5 Nxd4 12. Bxd4 Bxd4 13. Qxd4 e5 14. Qd2 Nf4 15. Ne4 Nxd5 16.
Qxd5 Qxd5 17. Nf6+ Kg7 18. Nxd5 Be6 19. Nc7 Rac8 20. Nxe6+ fxe6 21. c3 Rxf3 22.
Bg2 Rf4 23. h4 e4 24. O-O-O e3 25. Rde1 Rf2 26. Be4 Rd8 27. Rhf1 Rdd2 28. Rxf2
Rxf2 29. Rxe3 b6 30. Rf3 Rh2 31. Rf4 e5 32. Rf3 Rxh4 33. Bd5 h5 34. Rf7+ Kh8
35. Rxa7 Rg4 36. Rb7 h4 37. Rxb6 h3 38. Rxg6 Rg1+ 39. Kc2 Rg2+ 40. Kb3 Rd2 41.
c4 h2 42. Rh6+ Kg7 43. a4 Re2 44. a5 e4 45. a6 e3 46. a7 h1=Q 47. Rxh1 Rxb2+
48. Kxb2 e2 49. a8=Q Kg6 50. Qg8+ Kf5 51. Qf7+ Kg4 52. Rg1+ Kh4 53. Qh7# 1-0

[Event "Miedzywojewodzkie Mistrzostwa Juniorow O"]
[Site "Pokrzywna"]
[Date "2025.??.??"]
[Round "3.7"]
[White "Jagoda, Mikolaj"]
[Black "Wilman, Maciej"]
[Result "0-1"]
[WhiteElo "1552"]
[BlackElo "1560"]
[PlyCount "91"]
[EventDate "2025.??.??"]

{[%evp 0,91,27,24,27,-16,21,4,43,42,42,17,58,-3,22,-37,8,-32,-17,-17,-32,-56,
-60,-42,-95,-134,-3,-14,-12,-102,-6,-32,54,-53,-68,-72,-86,-86,-116,-235,-190,
-303,-261,-261,-168,-308,-139,-288,-288,-288,-288,-288,-288,-606,-626,-626,
-559,-617,-617,-661,-662,-662,-662,-681,-642,-1065,-1065,-1012,-1012,-1182,
-1182,-1182,-1103,-1220,-1047,-1004,-1047,-1004,-987,-993,-1003,-1092,-1092,
-1107,-1173,-1178,-1237,-1366,-1245,-1366,-1426,-1482,-1732,-29981]} 1. d4 Nf6
2. c4 d6 3. Nc3 g6 4. e4 Bg7 5. h3 Nbd7 6. g4 e5 7. d5 Nc5 8. f3 a5 9. Be3 Nfd7
10. Qd2 h5 11. Nge2 Nb6 12. Ng3 hxg4 13. fxg4 Bd7 14. Be2 Qe7 15. b3 Na6 16. a3
Nc5 17. Bd1 a4 18. Bxc5 dxc5 19. Be2 axb3 20. Qb2 Qh4 21. Kf2 Bh6 22. Rag1 Qg5
23. h4 Qe3+ 24. Kg2 Bf4 25. Nf1 Qc1 26. Qxb3 Rxa3 27. Na2 Rxb3 28. Nxc1 Bxc1
29. Ng3 Bf4 30. Rh3 Rb2 31. Kf3 Rc2 32. Bd3 Rc3 33. Rd1 Ba4 34. Ra1 Rxd3+ 35.
Kg2 Rd2+ 36. Kf1 Rd1+ 37. Rxd1 Bxd1 38. Ne2 Bxe2+ 39. Kxe2 Nxc4 40. Kd3 Nd6 41.
Rh1 Kd7 42. h5 gxh5 43. gxh5 b5 44. Rh3 b4 45. Rh1 c4+ 46. Kc2 0-1

[Event "Miedzywojewodzkie Mistrzostwa Juniorow O"]
[Site "Pokrzywna"]
[Date "2025.??.??"]
[Round "4.1"]
[White "Sawinski, Franciszek"]
[Black "Czeremcha, Piotr"]
[Result "0-1"]
[WhiteElo "1690"]
[BlackElo "1972"]
[PlyCount "110"]
[EventDate "2025.??.??"]

{[%evp 0,110,16,28,25,25,25,2,-11,-47,-5,-35,-34,-67,-67,-67,-14,-42,-12,-38,
-71,-71,-70,-7,-7,-48,-7,-7,-60,-30,0,0,-3,-21,-21,-44,-58,-86,0,-10,-60,-106,
-18,-69,-59,-76,-86,-83,-83,-96,-106,-118,-118,-182,-177,-402,-191,-390,-128,
-215,-116,-116,-72,-129,-129,-129,-123,-122,-125,-175,-173,-228,-229,-224,-224,
-224,-225,-235,-236,-234,-234,-234,-238,-245,-236,-254,-258,-276,-273,-295,
-404,-404,-406,-406,-371,-406,-406,-438,-443,-492,-436,-456,-460,-458,-477,
-478,-478,-600,-613,-805,-796,-846,-901]} 1. e4 e5 2. Nf3 Nc6 3. d4 exd4 4. Bc4
Nf6 5. e5 d5 6. Bb5 Ne4 7. Nxd4 Bc5 8. O-O O-O 9. Nxc6 bxc6 10. Bxc6 Ba6 11.
Qxd5 Bxf1 12. Qxe4 Bb5 13. Nc3 Bxc6 14. Qxc6 Bb6 15. Bf4 Qd4 16. Bg3 Rad8 17.
Qf3 Qd2 18. Bh4 Rde8 19. Qf5 Qh6 20. Qe4 Qg6 21. Qe2 Qe6 22. Re1 Bd4 23. Qd3
Bxe5 24. Bg3 Qd6 25. Qe3 f6 26. Ne4 Bxg3 27. Qb3+ Kh8 28. hxg3 Qe6 29. Kf1 Qxb3
30. axb3 Kg8 31. Nc3 Rxe1+ 32. Kxe1 c6 33. Ne2 Rd8 34. c4 Kf7 35. Nc3 Rb8 36.
Kd2 Rxb3 37. Kc2 Rb8 38. b3 Ke6 39. Ne2 g6 40. Nd4+ Kd6 41. Kc3 a6 42. Nf3 Re8
43. Kd3 Kc5 44. Kc3 Re2 45. Nd2 f5 46. b4+ Kb6 47. c5+ Kc7 48. Nc4 Rxf2 49. Ne3
g5 50. Kd3 f4 51. gxf4 gxf4 52. Nf5 Rxg2 53. Ke4 Rb2 54. Kxf4 Rxb4+ 55. Ke5 Rc4
0-1

[Event "Miedzywojewodzkie Mistrzostwa Juniorow O"]
[Site "Pokrzywna"]
[Date "2025.??.??"]
[Round "4.2"]
[White "Lisek, Adam"]
[Black "Reterski, Wiktor"]
[Result "1/2-1/2"]
[WhiteElo "1673"]
[BlackElo "1775"]
[PlyCount "61"]
[EventDate "2025.??.??"]

{[%evp 0,61,16,28,67,38,56,18,27,15,13,34,35,15,34,23,85,54,35,33,35,36,27,14,
-5,-21,-25,-26,-11,-14,42,25,25,19,19,-44,-44,17,17,-135,-129,-181,-165,-165,
-136,-139,-136,-136,-48,-48,-48,-48,-11,-12,-3,-3,-7,-24,0,0,0,-36,22,0]} 1. e4
c5 2. d4 cxd4 3. c3 e6 4. cxd4 d5 5. e5 Nc6 6. Nf3 Nge7 7. Bd3 Nf5 8. Bxf5 exf5
9. Nc3 Be6 10. O-O Be7 11. b3 O-O 12. a4 g5 13. Ne2 f4 14. h4 f6 15. exf6 Bxf6
16. hxg5 Bxg5 17. Nxg5 Qxg5 18. Nxf4 Rxf4 19. Bxf4 Qxf4 20. Qh5 Rf8 21. Rae1
Bf7 22. Qh2 Qxh2+ 23. Kxh2 Re8 24. Rxe8+ Bxe8 25. Rd1 Bd7 26. Kg3 Kg7 27. Kf4
Kf6 28. g4 a5 29. f3 Be8 30. Rd2 Bd7 31. Rd1 1/2-1/2

[Event "Miedzywojewodzkie Mistrzostwa Juniorow O"]
[Site "Pokrzywna"]
[Date "2025.??.??"]
[Round "4.3"]
[White "Plowy, Karol"]
[Black "Ekiert, Szymon"]
[Result "1-0"]
[WhiteElo "1865"]
[BlackElo "1478"]
[PlyCount "111"]
[EventDate "2025.??.??"]

{[%evp 0,111,19,38,36,26,27,27,22,-23,-9,-14,29,34,31,20,68,10,82,65,89,92,110,
42,65,49,88,51,31,-24,0,0,89,95,105,105,120,117,114,123,114,107,102,96,147,154,
149,154,211,207,213,214,213,216,230,212,292,277,277,288,295,296,299,301,300,
307,307,262,257,268,271,277,276,279,272,270,272,271,299,271,298,272,859,639,
438,619,455,516,701,722,1045,1053,910,1098,1131,1098,1143,1199,1224,1301,1379,
1407,1704,1704,2151,2219,29999,29990,29991,29990,29997,29998,29999,-30000]} 1.
d4 Nf6 2. Bf4 d5 3. e3 Bf5 4. c4 e6 5. Nc3 a6 6. Qb3 b6 7. cxd5 exd5 8. Rc1 Bd6
9. Be5 O-O 10. Bxf6 Qxf6 11. Qxd5 c6 12. Qf3 Qe6 13. Be2 Bb4 14. b3 Nd7 15. Nh3
Bxh3 16. Qxh3 Qxh3 17. gxh3 Nf6 18. O-O a5 19. Na4 b5 20. Nb6 Ra6 21. Na4 Re8
22. Nc5 Bxc5 23. Rxc5 Nd7 24. Rc2 Rb6 25. Rfc1 Nb8 26. Bf3 a4 27. Bxc6 Rd8 28.
bxa4 Nxc6 29. Rxc6 Rxc6 30. Rxc6 bxa4 31. Ra6 Kf8 32. Rxa4 Ke7 33. Rc4 Ra8 34.
a4 Ra7 35. Kf1 Kd6 36. Ke2 Ra5 37. Kf3 Rh5 38. Kg4 Ra5 39. e4 Ke6 40. f4 Ra6
41. Rc6+ Rxc6 42. d5+ Kd6 43. dxc6 Kxc6 44. e5 Kc5 45. f5 Kd5 46. a5 Kc6 47. e6
fxe6 48. fxe6 Kd6 49. a6 Kxe6 50. a7 Kf6 51. a8=Q h6 52. Qd5 Kg6 53. Qe6+ Kh7
54. Kh5 Kh8 55. Kg6 h5 56. Qe8# 1-0

[Event "Miedzywojewodzkie Mistrzostwa Juniorow O"]
[Site "Pokrzywna"]
[Date "2025.??.??"]
[Round "4.4"]
[White "Dudek, Bartlomiej"]
[Black "Klepacz, Jakub"]
[Result "1-0"]
[WhiteElo "1663"]
[BlackElo "1657"]
[PlyCount "67"]
[EventDate "2025.??.??"]

{[%evp 0,67,16,28,58,12,23,12,27,16,16,27,70,72,101,32,38,53,41,33,49,9,30,15,
0,-4,-24,-17,37,40,49,1,1,0,-8,-46,-46,-55,-6,6,-5,-6,-6,-6,50,53,75,79,62,66,
116,122,123,114,263,298,345,366,432,448,658,678,680,530,603,719,870,906,29999,
-30000]} 1. e4 c5 2. d4 cxd4 3. c3 d5 4. exd5 Qxd5 5. cxd4 Nc6 6. Nf3 Bg4 7.
Be2 e6 8. Nc3 Qd7 9. O-O Nf6 10. Re1 Be7 11. Be3 O-O 12. Ne5 Bxe2 13. Qxe2 Nxe5
14. dxe5 Nd5 15. Nxd5 Qxd5 16. Bf4 Rfd8 17. Qg4 Qd4 18. Qg3 Qd3 19. Rac1 Qxg3
20. hxg3 Rac8 21. Red1 Rxc1 22. Rxc1 Rd7 23. Rc8+ Bf8 24. b3 h6 25. Bc1 f6 26.
exf6 g5 27. Ba3 Rf7 28. Be7 b6 29. g4 a6 30. f3 b5 31. b4 e5 32. a3 e4 33. fxe4
Rh7 34. Rxf8# 1-0

[Event "Miedzywojewodzkie Mistrzostwa Juniorow O"]
[Site "Pokrzywna"]
[Date "2025.??.??"]
[Round "4.5"]
[White "Podolecki, Wojciech"]
[Black "Tendera, Jan"]
[Result "1-0"]
[WhiteElo "1603"]
[BlackElo "1473"]
[PlyCount "77"]
[EventDate "2025.??.??"]

{[%evp 0,77,16,-12,-32,-71,-32,-69,-4,-3,24,12,20,33,20,19,48,46,64,59,52,47,
47,56,62,68,78,66,63,53,118,83,108,96,206,85,78,74,78,58,61,61,237,269,276,276,
310,330,334,230,243,232,248,160,164,152,152,152,192,151,160,149,161,132,165,
134,134,168,273,273,1206,1213,1213,1213,1272,1294,1347,1396,1396,1396]} 1. c4
e5 2. g3 Nf6 3. Bg2 c6 4. d4 Bb4+ 5. Bd2 Bxd2+ 6. Qxd2 exd4 7. Qxd4 d6 8. Nf3
Be6 9. Nc3 O-O 10. O-O Nbd7 11. b3 Nb6 12. e4 Qd7 13. Rad1 Rad8 14. Rd2 Bh3 15.
Rfd1 Bxg2 16. Kxg2 Qe6 17. Qe3 Rfe8 18. Nd4 Qe5 19. f4 Qc5 20. Qf3 h6 21. Nf5
Re6 22. e5 Ne8 23. Ne4 Qa5 24. Nexd6 Nxd6 25. Nxd6 Nc8 26. Qe2 Nxd6 27. Rxd6
Rdxd6 28. Rxd6 Qc7 29. Rxe6 fxe6 30. Qd2 c5 31. Qd6 Qxd6 32. exd6 Kf7 33. Kf3
Kf6 34. Ke4 g5 35. fxg5+ hxg5 36. h4 gxh4 37. gxh4 e5 38. d7 Ke7 39. Kxe5 1-0

[Event "Miedzywojewodzkie Mistrzostwa Juniorow O"]
[Site "Pokrzywna"]
[Date "2025.??.??"]
[Round "4.6"]
[White "Swiderski, Lukasz"]
[Black "Kieca, Szymon"]
[Result "0-1"]
[WhiteElo "1578"]
[BlackElo "1516"]
[PlyCount "126"]
[EventDate "2025.??.??"]

{[%evp 0,126,16,28,41,63,123,139,139,91,81,66,74,63,84,32,36,26,82,22,-9,-13,
-19,-19,12,-2,-2,-63,-63,-71,-46,-67,-90,-88,-66,-135,-126,-173,-173,-169,-175,
-205,-205,-206,-209,-214,-212,-226,-208,-230,-188,-194,-177,-177,-146,-162,
-140,-138,-140,-156,-124,-125,-119,-158,-152,-187,-187,-205,-191,-198,-194,
-229,-187,-182,-167,-167,-154,-168,-174,-188,-167,-185,-173,-254,-254,-254,
-273,-367,-365,-446,-587,-514,-676,-629,-1096,-838,-1096,-1629,-1586,-29977,
-1629,-2673,-1538,-1658,-1697,-2259,-2409,-29981,-29982,-29983,-29984,-29985,
-29986,-29987,-29988,-29989,-29990,-29991,-29992,-29993,-29992,-29993,-29994,
-29995,-29996,-29997,-29998,-29999,-30000]} 1. e4 c5 2. Nf3 g6 3. d4 cxd4 4.
Nxd4 Bg7 5. Nc3 Nc6 6. Be3 Nf6 7. Bb5 O-O 8. O-O Qc7 9. Qd2 Ng4 10. Nf3 Nxe3
11. Qxe3 d6 12. Nd5 Qd8 13. Bxc6 bxc6 14. Nc3 Qa5 15. Rfe1 Rb8 16. Reb1 Be6 17.
Nd4 Qb6 18. Nxe6 Qxe3 19. fxe3 fxe6 20. Na4 Rb4 21. Nc3 Rfb8 22. Nd1 Rxe4 23.
Kf2 Reb4 24. c3 R4b6 25. Rc1 a5 26. Rc2 Be5 27. Rac1 Rf8+ 28. Kg1 Bg7 29. Rf2
Bh6 30. Rcc2 Rb5 31. b3 Rd5 32. Rxf8+ Kxf8 33. Nf2 Bxe3 34. Kf1 Rf5 35. Ke1
Bxf2+ 36. Rxf2 Rxf2 37. Kxf2 Ke8 38. Kf3 e5 39. g4 g5 40. Ke4 e6 41. c4 c5 42.
Ke3 d5 43. a3 Kd7 44. Kd3 e4+ 45. Ke3 Kd6 46. Kd2 dxc4 47. bxc4 Ke5 48. Ke3 a4
49. Kd2 Kd4 50. Ke2 Kxc4 51. Ke3 Kd5 52. Kd2 Kd4 53. Kc2 e3 54. h4 gxh4 55. g5
h3 56. g6 hxg6 57. Kd1 Kd3 58. Kc1 h2 59. Kb2 c4 60. Kb1 h1=Q+ 61. Ka2 Qg2+ 62.
Kb1 c3 63. Ka1 Qb2# 0-1

[Event "Miedzywojewodzkie Mistrzostwa Juniorow O"]
[Site "Pokrzywna"]
[Date "2025.??.??"]
[Round "4.7"]
[White "Wilman, Maciej"]
[Black "Buczek, Igor"]
[Result "1-0"]
[WhiteElo "1560"]
[BlackElo "1535"]
[PlyCount "101"]
[EventDate "2025.??.??"]

{[%evp 0,100,16,28,58,38,102,84,79,81,82,60,56,47,65,50,34,23,77,25,44,25,23,
23,56,44,39,65,78,41,39,49,38,27,57,24,66,49,62,47,62,49,59,27,73,89,116,103,
123,76,189,56,189,133,152,144,478,478,478,478,478,405,458,458,458,347,347,249,
309,335,335,350,335,244,302,309,349,346,342,379,372,281,425,472,715,798,817,
425,430,456,508,532,524,569,616,643,654,707,881,693,1254,1361,1451]} 1. e4 c5
2. Nf3 g6 3. d4 cxd4 4. Nxd4 Nc6 5. Nc3 Bg7 6. Be3 d6 7. f3 Nf6 8. Qd2 a6 9. g4
Nxd4 10. Bxd4 O-O 11. O-O-O b5 12. a3 Rb8 13. h4 h5 14. g5 Nd7 15. Bxg7 Kxg7
16. f4 Bb7 17. Rg1 Nc5 18. Qd4+ Kg8 19. f5 Qc7 20. Kb1 Rbc8 21. Rd2 Rfd8 22.
Bh3 Rb8 23. Nd5 Bxd5 24. Qxd5 Kg7 25. Rf2 Rf8 26. Rgf1 e6 27. Qd4+ Kg8 28. fxg6
fxg6 29. Rxf8+ Rxf8 30. Rxf8+ Kxf8 31. Qh8+ Ke7 32. Qg7+ Kd8 33. Qxg6 Qe7 34.
b4 Na4 35. Bxe6 Qe8 36. Qg8 Nc3+ 37. Kb2 Qxg8 38. Bxg8 Nxe4 39. Bd5 Ng3 40. Bb7
Kc7 41. Bxa6 Kb6 42. Bc8 Kc7 43. Bh3 Kd8 44. Kb3 Ke7 45. a4 bxa4+ 46. Kxa4 Ne4
47. b5 Nc5+ 48. Ka5 Nb7+ 49. Ka6 Nc5+ 50. Ka7 Kd8 51. b6 1-0

[Event "Miedzywojewodzkie Mistrzostwa Juniorow O"]
[Site "Pokrzywna"]
[Date "2025.??.??"]
[Round "5.1"]
[White "Czeremcha, Piotr"]
[Black "Lisek, Adam"]
[Result "1/2-1/2"]
[WhiteElo "1972"]
[BlackElo "1673"]
[PlyCount "62"]
[EventDate "2025.??.??"]

{[%evp 0,62,26,20,34,-11,8,24,52,70,70,44,63,72,65,53,60,70,70,54,66,66,66,66,
66,50,91,90,115,125,133,108,92,92,92,92,139,90,104,68,178,115,115,123,143,136,
120,120,136,117,128,99,137,59,36,33,30,-1,30,-19,12,-42,-41,-8,-41]} 1. d4 Nf6
2. c4 c5 3. d5 b5 4. cxb5 a6 5. bxa6 Bxa6 6. Nc3 g6 7. Nf3 Bg7 8. e4 Bxf1 9.
Kxf1 d6 10. g3 O-O 11. Kg2 Nbd7 12. a4 Ra6 13. Re1 Qa8 14. Nb5 Qb7 15. Qc2 Rfa8
16. Ra3 Nb6 17. b3 Nfd7 18. Nd2 Nc8 19. Bb2 Ne5 20. Bc3 Na7 21. Nxa7 R8xa7 22.
f4 Nd7 23. Bxg7 Kxg7 24. Qc3+ Kg8 25. Nc4 Nb6 26. Ra2 Nxc4 27. Qxc4 Rb6 28. Re3
Rb4 29. Qc3 f5 30. Rd2 fxe4 31. Qc2 Rd4 1/2-1/2

[Event "Miedzywojewodzkie Mistrzostwa Juniorow O"]
[Site "Pokrzywna"]
[Date "2025.??.??"]
[Round "5.2"]
[White "Reterski, Wiktor"]
[Black "Plowy, Karol"]
[Result "1/2-1/2"]
[WhiteElo "1775"]
[BlackElo "1865"]
[Annotator "Kocela,J"]
[PlyCount "56"]
[EventDate "2025.??.??"]

{[%evp 0,56,27,45,53,51,100,53,53,38,38,37,39,28,36,-16,-7,-12,-6,-33,-29,-30,
20,-59,-2,-2,1,-9,19,-11,59,55,86,32,57,-1,29,-18,8,-22,9,-17,-19,-57,-65,-65,
-65,-81,-85,-106,-93,-99,-53,-135,-115,-99,-53,-135,-99]} 1. e4 c5 2. Nf3 d6 3.
Bb5+ Bd7 4. Bxd7+ Nxd7 5. O-O Ngf6 6. Re1 e6 7. c3 Be7 8. d4 O-O 9. Qe2 Rc8 10.
h3 a6 11. Bf4 Qc7 12. Nbd2 Rfd8 13. Bh2 h6 14. Rad1 Nf8 15. e5 Ne8 16. Kh1 Ng6
17. Ne4 d5 18. Ned2 c4 19. g4 b5 20. Rg1 b4 21. g5 bxc3 22. bxc3 Qa5 23. Qe3 h5
24. Rb1 Qxa2 25. Ra1 Qb2 26. Rab1 Qa2 27. Ra1 Qb2 28. Rab1 Qa2 1/2-1/2

[Event "Miedzywojewodzkie Mistrzostwa Juniorow O"]
[Site "Pokrzywna"]
[Date "2025.??.??"]
[Round "5.3"]
[White "Dudek, Bartlomiej"]
[Black "Sawinski, Franciszek"]
[Result "1-0"]
[WhiteElo "1663"]
[BlackElo "1690"]
[PlyCount "93"]
[EventDate "2025.??.??"]

{[%evp 0,93,16,28,28,42,31,18,20,31,57,33,42,57,73,38,91,87,91,96,133,109,130,
83,132,110,147,140,161,155,152,158,180,198,436,251,216,180,208,199,216,216,375,
405,412,340,372,340,340,340,340,332,332,332,332,332,388,358,398,405,423,423,
407,407,410,415,457,457,490,426,433,433,422,366,393,340,372,344,344,344,362,
353,361,355,494,482,510,510,547,575,584,581,2100,29623,29981,29982]} 1. e4 d5
2. exd5 Nf6 3. Bb5+ Bd7 4. Bc4 c6 5. Nc3 cxd5 6. Nxd5 e6 7. Qe2 Be7 8. Nxe7
Qxe7 9. Nf3 Nc6 10. c3 O-O 11. O-O Rfe8 12. d4 Qd6 13. Ne5 Qc7 14. Bf4 Nd5 15.
Bg3 Rac8 16. Nxf7 Nf4 17. Nh6+ gxh6 18. Qg4+ Kh8 19. Bxf4 e5 20. Qh4 Qd6 21.
dxe5 Nxe5 22. Rad1 Qc6 23. Bxe5+ Rxe5 24. Qd4 Qc5 25. Qxc5 Rexc5 26. Rxd7 Rxc4
27. Rxb7 Ra4 28. a3 Re8 29. Rd1 Rae4 30. g3 R4e7 31. Rdd7 Rxd7 32. Rxd7 Re1+
33. Kg2 Re2 34. Rxa7 Rxb2 35. a4 Rc2 36. Rc7 Ra2 37. Rc4 Ra3 38. Kf3 Kg7 39. h4
Kg6 40. Kf4 Ra2 41. f3 Re2 42. Rc6+ Kg7 43. a5 h5 44. a6 Re7 45. Rb6 Kg8 46.
Rb8+ Kg7 47. Rb7 1-0

[Event "Miedzywojewodzkie Mistrzostwa Juniorow O"]
[Site "Pokrzywna"]
[Date "2025.??.??"]
[Round "5.4"]
[White "Klepacz, Jakub"]
[Black "Wilman, Maciej"]
[Result "1-0"]
[WhiteElo "1657"]
[BlackElo "1560"]
[PlyCount "107"]
[EventDate "2025.??.??"]

{[%evp 0,107,16,28,35,-23,40,40,61,41,32,12,13,-5,-5,-5,7,20,29,29,4,8,36,29,
31,18,38,34,37,24,22,22,40,40,55,27,128,41,97,92,92,79,105,105,105,29,81,75,75,
101,144,144,144,151,151,130,134,139,136,136,136,136,136,140,140,100,136,136,
140,135,141,149,194,181,220,202,223,231,321,321,336,362,384,285,362,285,362,
285,278,324,379,396,462,501,535,479,877,548,564,641,703,805,834,435,29981,
29982,29985,29986,29987,29988]} 1. d4 Nf6 2. c4 g6 3. Nc3 d6 4. Nf3 Bg7 5. Bg5
h6 6. Bh4 O-O 7. e3 Bf5 8. Bd3 Bxd3 9. Qxd3 Nbd7 10. O-O c5 11. h3 a6 12. a3
Rb8 13. Rab1 Qc7 14. Rfc1 g5 15. Bg3 Nh5 16. Bh2 f5 17. Nd2 f4 18. Qe4 e5 19.
Nd5 Qd8 20. dxe5 Nxe5 21. exf4 gxf4 22. Nf3 Kh8 23. Nxf4 Nxf4 24. Bxf4 Rxf4 25.
Qxf4 Nd3 26. Qd2 Nxc1 27. Rxc1 Qf6 28. Rd1 Rd8 29. b3 Qb2 30. Qxb2 Bxb2 31. a4
Kg7 32. Nd2 Re8 33. Nf3 Rd8 34. g4 Kg6 35. Kg2 Bf6 36. Kg3 Be7 37. Nh4+ Bxh4+
38. Kxh4 a5 39. f4 b6 40. f5+ Kf6 41. Rd5 Kg7 42. Kg3 Kf6 43. Kf4 Kg7 44. h4
Kf6 45. g5+ hxg5+ 46. hxg5+ Kf7 47. Rd3 Kg7 48. f6+ Kg6 49. Rh3 d5 50. Rh6+ Kf7
51. Rh7+ Kg8 52. g6 d4 53. f7+ Kf8 54. Rh8+ 1-0

[Event "Miedzywojewodzkie Mistrzostwa Juniorow O"]
[Site "Pokrzywna"]
[Date "2025.??.??"]
[Round "5.5"]
[White "Kieca, Szymon"]
[Black "Podolecki, Wojciech"]
[Result "0-1"]
[WhiteElo "1516"]
[BlackElo "1603"]
[PlyCount "107"]
[EventDate "2025.??.??"]

{[%evp 0,107,16,28,69,51,81,82,82,55,55,55,96,51,56,50,41,26,16,-26,-29,-4,-4,
-48,-41,-49,-32,-36,-11,-9,-9,-22,-4,-39,-10,0,-15,-15,-23,-15,-26,-15,-3,-3,1,
1,6,-15,-9,0,0,-7,-7,-91,-91,-140,-244,-281,-289,-289,-286,-292,-286,-296,-207,
-214,-245,-247,-210,-282,-284,-265,-284,-284,-285,-329,-361,-361,-339,-325,
-337,-507,-374,-678,-696,-714,-716,-776,-665,-665,-784,-784,-1014,-1186,-1312,
-1312,-1282,-1954,-1946,-1944,-1944,-1944,-2321,-28037,-29968,-29973,-29974,
-29975,-29970,-29977]} 1. e4 c5 2. Nf3 d6 3. d4 cxd4 4. Nxd4 Nf6 5. Nc3 g6 6.
Be2 Bg7 7. O-O O-O 8. Re1 Nc6 9. Bf1 Qb6 10. Nb3 Ng4 11. Be3 Nxe3 12. Rxe3 Be6
13. Nd5 Bxd5 14. exd5 Ne5 15. c3 Rac8 16. Kh1 h5 17. Qd4 Qxd4 18. Nxd4 Bf6 19.
h3 Rc5 20. Nb3 Rc7 21. Rd1 Nc4 22. Bxc4 Rxc4 23. Nd4 Ra4 24. a3 Ra6 25. Re4 Rb6
26. Rb1 Rc8 27. f3 Rxc3 28. a4 Rc4 29. Nb5 Rxe4 30. fxe4 a6 31. Na3 Rxb2 32.
Rxb2 Bxb2 33. Nc4 Bc3 34. Kg1 b5 35. axb5 axb5 36. Na3 b4 37. Nb1 Kg7 38. Kf2
Kf6 39. Ke3 Ke5 40. g3 g5 41. Kf3 g4+ 42. hxg4 hxg4+ 43. Kxg4 Kxe4 44. Kg5 Kxd5
45. g4 Kc4 46. Kh6 Kb3 47. Kh7 Kc2 48. Nxc3 Kxc3 49. g5 b3 50. Kg8 b2 51. Kxf7
b1=Q 52. g6 Qxg6+ 53. Kxg6 e5 (53... d5 54. Kf5 d4 55. Ke4 d3 56. Ke3 Kc2 57.
Ke4 d2 58. Ke5 d1=Q 59. Ke6 Qh5 60. Kd7 Qg6 61. Kd8 Kc3 62. Kd7 Kb4 63. Kd8 e5
64. Kd7 Qf6 65. Kc7 Kc5 66. Kc8 Qe7 67. Kb8 Kb6 68. Ka8 Qd8#) 54. Kf5 0-1

[Event "Miedzywojewodzkie Mistrzostwa Juniorow O"]
[Site "Pokrzywna"]
[Date "2025.??.??"]
[Round "5.6"]
[White "Tendera, Jan"]
[Black "Ekiert, Szymon"]
[Result "1-0"]
[WhiteElo "1473"]
[BlackElo "1478"]
[PlyCount "87"]
[EventDate "2025.??.??"]

{[%evp 0,87,16,28,38,44,16,-1,15,-6,6,-34,23,16,26,24,12,12,58,41,46,62,65,78,
92,-70,36,-14,-7,-4,37,-21,-7,-23,-11,-6,23,1,29,27,67,91,171,13,15,0,42,45,46,
-22,131,141,173,176,182,122,122,104,362,335,29991,893,893,916,1231,916,1327,
868,1005,2047,2047,1453,1277,1568,29987,29988,29995,29996,29997,29990,29993,
29990,29991,29992,29993,29994,29997,29998,29999,-30000]} 1. e4 e5 2. Nf3 Nc6 3.
Bb5 a6 4. Ba4 Bc5 5. c3 b5 6. Bc2 d6 7. d4 exd4 8. cxd4 Bb4+ 9. Bd2 Bxd2+ 10.
Nbxd2 Bg4 11. h3 Bh5 12. Nf1 Nge7 13. Ng3 Bxf3 14. gxf3 Qd7 15. Qd3 h5 16. h4
g6 17. a3 Na5 18. Rc1 Nc4 19. Bb3 Nb6 20. Qc3 O-O-O 21. Qa5 Kb7 22. a4 Rhe8 23.
O-O Rf8 24. Rc2 Rc8 25. Rfc1 f6 26. axb5 axb5 27. e5 fxe5 28. dxe5 dxe5 29. Ne4
Qh3 30. Nc5+ Kc6 31. Ne6+ Kd6 32. Nxf8 Nf5 33. Rd2+ Ke7 34. Nxg6+ Kf6 35. Rc6+
Kg7 36. Qxb5 Kh7 37. Qxe5 Na4 38. Rxc7+ Rxc7 39. Qxc7+ Kxg6 40. Qc6+ Kh7 41.
Rd7+ Ng7 42. Bc2+ Kg8 43. Qc8+ Ne8 44. Qxe8# 1-0

[Event "Miedzywojewodzkie Mistrzostwa Juniorow O"]
[Site "Pokrzywna"]
[Date "2025.??.??"]
[Round "5.7"]
[White "Buczek, Igor"]
[Black "Jagoda, Mikolaj"]
[Result "1-0"]
[WhiteElo "1535"]
[BlackElo "1552"]
[PlyCount "61"]
[EventDate "2025.??.??"]

{[%evp 0,61,16,28,47,27,37,23,48,33,38,40,46,26,48,28,28,16,65,15,15,2,23,-6,
55,2,6,13,44,44,82,74,66,26,12,12,12,35,47,46,101,58,58,96,312,312,829,869,655,
877,877,885,894,902,29985,29986,29987,29988,29989,1691,29997,29998,29999,
-30000]} 1. e4 e6 2. d4 d5 3. Nc3 dxe4 4. Nxe4 Nd7 5. c3 Ngf6 6. Bd3 b6 7. Nf3
Bb7 8. Nxf6+ Nxf6 9. O-O Bd6 10. h3 Qd7 11. a3 a5 12. Bd2 h6 13. Qe2 O-O-O 14.
Ba6 g5 15. Bxb7+ Kxb7 16. Ne5 Bxe5 17. Qxe5 Nd5 18. b4 axb4 19. axb4 Qd6 20.
Qe2 Ra8 21. c4 Nxb4 22. Bxb4 Qxb4 23. Qf3+ c6 24. Qxf7+ Kb8 25. Rxa8+ Kxa8 26.
Ra1+ Kb8 27. Qa7+ Kc8 28. Qa8+ Kd7 29. Qxh8 Qxc4 30. Ra7+ Kd6 31. Qe5# 1-0